| 000 | 00718nam a2200229 i 4500 | ||
|---|---|---|---|
| 001 | 76831 | ||
| 003 | ES-MaACL | ||
| 005 | 20240420063030.0 | ||
| 007 | t| | ||
| 008 | 041005s1948 sp ||||1| spa d | ||
| 080 | _a821.134.2-32"19" | ||
| 100 | 1 |
_aGullón, Ricardo, _d1908-1991 _960938 |
|
| 245 | 1 | 3 |
_aEl destello / _cRicardo Gullón ; ilustraciones de Serny. |
| 250 | _a[2ª ed.]. | ||
| 260 |
_aSantander : _bAntonio Zúñiga, _c[1948] ( _fEstades) |
||
| 300 |
_a88 p., 3 lám. : _bil. ; _c22 cm. |
||
| 490 | 1 |
_aColección El viento sur ; _v1 |
|
| 700 | 1 |
_aSerny. _9105589 |
|
| 830 | 0 |
_aColección El viento sur ; _v1 _9184437 |
|
| 852 |
_aES-MaACL _j1891-F-15 _bR.26398 |
||
| 999 |
_c76831 _d76831 |
||